Cultura, desarrollo humano y currículum
Guardat en:
| Format: | Llibre |
|---|---|
| Idioma: | espanyol |
| Publicat: |
Osorno
Instituto Profesional de Osorno
1986
|
| Matèries: | |
| Etiquetes: |
Afegir etiqueta
Sense etiquetes, Sigues el primer a etiquetar aquest registre!
|
MARC
| LEADER | 00000nam a2200000 a 4500 | ||
|---|---|---|---|
| 001 | UCZ0668 | ||
| 003 | CL-VaPUC | ||
| 005 | 20220315074412.0 | ||
| 008 | 950809e19860000cl 1 spa d | ||
| 082 | 0 | 4 | |a 375 |b CUL |2 21 |
| 245 | 1 | 0 | |a Cultura, desarrollo humano y currículum |
| 260 | |a Osorno |b Instituto Profesional de Osorno |c 1986 | ||
| 300 | |a 3 v | ||
| 505 | 0 | 0 | |a v.1 Campos de implicancia del currículum |
| 505 | 0 | 0 | |a v.2 Teoría del currículum |
| 505 | 0 | 0 | |a v.3 Práctica del cambio curricular |
| 583 | |a last modification |c 19950809 00:00:00 |k Rodrigo Vera | ||
| 650 | 0 | 0 | |a Currículo |9 307290 |
| 650 | 0 | 0 | |a Planificación del currículo |9 269599 |
| 650 | 0 | 7 | |a DESARROLLO DE LOS CURRICULOS |2 CL-VaPUC |9 338829 |
| 650 | 0 | 0 | |a Congresos |9 257560 |
| 650 | 0 | 0 | |a Cultura |9 269059 |
| 650 | 0 | 0 | |a Calidad de la educación |9 307271 |
| 651 | 7 | |a CHILE |2 CL-VaPUC |9 617339 | |
| 651 | 0 | |a América Latina |9 255027 | |
| 942 | |c BK | ||
| 945 | |a mfernand |d 19950809 00:00:00 | ||
| 546 | |a En Español | ||
| 518 | |p Encuentro latino americano de especialistas en currículum, Osorno, 14 al 18 de Enero de 1986 | ||
| 999 | |c 382432 |d 382430 | ||
| 952 | |0 0 |1 0 |4 0 |6 375_000000000000000_CUL_1986 |7 0 |8 P |9 504121 |a BIBEDU |b BIBEDU |c BIBEDU_PB |d 2020-01-23 |h v.1 |i 1553526 |o 375 CUL 1986 |p 1553526 |r 2020-01-23 |w 2020-01-23 |y BK |k EDU | ||
| 952 | |0 0 |1 0 |4 0 |6 375_000000000000000_CUL_1986 |7 0 |8 P |9 504122 |a BIBEDU |b BIBEDU |c BIBEDU_PB |d 2020-01-23 |h v.2 |i 1553534 |o 375 CUL 1986 |p 1553534 |r 2024-01-25 |w 2020-01-23 |y BK |k EDU | ||
| 952 | |0 0 |1 0 |4 0 |6 375_000000000000000_CUL_1986 |7 0 |8 P |9 504123 |a BIBEDU |b BIBEDU |c BIBEDU_PB |d 2020-01-23 |h v.3 |i 1553542 |o 375 CUL 1986 |p 1553542 |r 2020-01-23 |w 2020-01-23 |y BK |k EDU | ||